| 000 | 00576cam a2200217 4500 | ||
|---|---|---|---|
| 001 | D12403 | ||
| 008 | 090401t1969 xxu||||| |||| 00| 0 eng d | ||
| 035 | _a(Sirsi) u3254 | ||
| 041 | _aeng | ||
| 100 | _aClark, David | ||
| 245 | _aPlane and geodetic surveying for engineers. Volume one. Plane surveying. | ||
| 250 | _a6th ed. | ||
| 260 |
_aLondon _bConstable _c1969 |
||
| 300 | _a463p. : ill. ; 22cm. | ||
| 350 | _a0 | ||
| 520 | _aSixth edition revised by J.E. Jackson. | ||
| 650 | _aPLANE SURVEYING | ||
| 700 | _aJackson, J.E. | ||
| 942 | _n0 | ||
| 948 | _c04/03/1997 | ||
| 999 |
_c85864 _d85864 |
||